000 00722nam a2200241 a 4500
008
020 _a087434218X (pbk. )
049 _aMAIN
090 _aREF RM301.12 HOU
245 0 0 _aHouse officer's pocket drug reference /
_cedited by Kevin Law, Rose Foltz.
260 _aSpringhouse :
_bSpringhouse,
_c1990.
300 _axi, 720 p. ;
_c20 cm.
500 _aIncludes index.
650 0 _aDrugs
_xHandbooks, manuals, etc.
650 0 _aChemotherapy
_xHandbooks, manuals, etc.
700 1 _aLaw, Kevin.
700 1 _aFoltz, Rose.
907 _a.b10120683
_b06-02-12
_c05-05-04
003
005 20230120203853.0
040 _cNUST
942 _cBOOKS
_kREF RM301.12 HOU
999 _c112959
_d112959